000
00220 a2200097 4500
020
_a
9789364876896
100
_a
Sureshkumar V.
245
_a
Diaspora(ഡയാസ്പൊറ)
260
_b
D C books
_c
2025
942
_c
OO
999
_c
115324
_d
115323